5HLuxD.jpg

KING HENRY VIII SENIOR AND PRIMARY SCHOOL LIBRARY OPAC

Betrayal / (Record no. 2493)

000 -LEADER
fixed length control field 01078nam a2200337 a 4500
001 - CONTROL NUMBER
control field 017100447
003 - CONTROL NUMBER IDENTIFIER
control field UkOxU
005 - DATE AND TIME OF LATEST TRANSACTION
control field 20230620114600.0
008 - FIXED-LENGTH DATA ELEMENTS--GENERAL INFORMATION
fixed length control field 070514r20072004enk j 000 1 eng
015 ## - NATIONAL BIBLIOGRAPHY NUMBER
National bibliography number GBA737546
Source bnb
020 ## - INTERNATIONAL STANDARD BOOK NUMBER
International Standard Book Number 9781862303775 (pbk.) :
035 ## - SYSTEM CONTROL NUMBER
System control number (IeDuTC)b14732229
035 ## - SYSTEM CONTROL NUMBER
System control number (UkLCURL)08b14732229
038 ## - RECORD CONTENT LICENSOR
Record content licensor Uk
040 ## - CATALOGING SOURCE
Original cataloging agency StDuBDS
Language of cataloging eng
Transcribing agency StDuBDS
Modifying agency KH8
049 ## - LOCAL HOLDINGS (OCLC)
Local processing data b
082 04 - DEWEY DECIMAL CLASSIFICATION NUMBER
Classification number 823.914 CAV
Edition number 22
100 1# - MAIN ENTRY--PERSONAL NAME
Personal name Cavendish, Grace.
Relator term author
245 10 - TITLE STATEMENT
Title Betrayal /
Statement of responsibility, etc. Grace Cavendish.
260 ## - PUBLICATION, DISTRIBUTION, ETC.
Place of publication, distribution, etc. London :
Name of publisher, distributor, etc. Red Fox,
Date of publication, distribution, etc. 2007.
263 ## - PROJECTED PUBLICATION DATE
Projected publication date 200708
300 ## - PHYSICAL DESCRIPTION
Extent 197 p. ;
Dimensions 20 cm.
490 1# - SERIES STATEMENT
Series statement The Lady Grace mysteries
500 ## - GENERAL NOTE
General note Originally published: as by Patricia Finney. London: Doubleday, 2004.
650 #0 - SUBJECT ADDED ENTRY--TOPICAL TERM
Topical term or geographic name entry element Cavendish, Grace, Lady (Fictitious character)
Form subdivision Juvenile fiction.
650 #0 - SUBJECT ADDED ENTRY--TOPICAL TERM
Topical term or geographic name entry element Ladies-in-waiting
Form subdivision Juvenile fiction.
651 #0 - SUBJECT ADDED ENTRY--GEOGRAPHIC NAME
Geographic name Great Britain
General subdivision History
Chronological subdivision Elizabeth, 1558-1603
Form subdivision Juvenile fiction.
700 1# - ADDED ENTRY--PERSONAL NAME
Personal name Finney, Patricia,
Dates associated with a name 1958-
800 1# - SERIES ADDED ENTRY--PERSONAL NAME
Personal name Cavendish, Grace.
Title of a work Lady Grace mysteries.
942 ## - ADDED ENTRY ELEMENTS (KOHA)
Source of classification or shelving scheme
Koha item type Books - Non Ficton
Holdings
Withdrawn status Lost status Source of classification or shelving scheme Damaged status Not for loan Collection code Permanent Location Current Location Shelving location Date acquired Full call number Barcode Date last seen Price effective from Koha item type
          Fiction KH8 Primary School Library KH8 Primary School Library Non Fiction 2023-06-20 823.914 CAV KHPL000004246 2025-12-05 2023-06-20 Books - Non Ficton

Powered By KH8 IT Dept